[Event "ARG-ch qual Amateur U2300"]
[Site "Pinamar"]
[Date "2016.08.28"]
[Round "5"]
[White "Renkine, Ivan"]
[Black "Spena, Norberto"]
[Result "1-0"]
[WhiteElo "1787"]
[BlackElo "1555"]
[PlyCount "47"]
[EventDate "2016.08.26"]
[EventType "swiss"]
[EventRounds "6"]
[EventCountry "ARG"]
[SourceTitle "EXT 2024"]
[Source "ChessBase"]
[SourceDate "2023.10.10"]
[SourceVersion "1"]
[SourceVersionDate "2023.10.10"]
[SourceQuality "1"]

1. b4 a5 2. b5 c6 3. a4 d5 4. Bb2 Nd7 5. f4 cxb5 6. axb5 Qb6 7. e3 Ngf6 8. Nf3 e6 9. Nc3 Bd6 10. Bd3 h6 11. 0-0 Bxf4 12. Na4 Bxe3+ 13. dxe3 Qxe3+ 14. Kh1 Ng4 15. Bd4 Qf4 16. g3 Qb8 17. Qe2 0-0 18. Rae1 b6 19. h3 Ngf6 20. Kg2 Qc7 21. Ne5 Nc5 22. Rxf6 Nxd3 23. Nxd3 gxf6 24. Qg4+ 1-0

[Event "ARG-ch qual Amateur U2300"]
[Site "Pinamar"]
[Date "2016.08.27"]
[Round "2"]
[White "Spena, Norberto"]
[Black "Bonnet, Sebastian"]
[Result "1/2-1/2"]
[WhiteElo "1555"]
[BlackElo "1814"]
[PlyCount "100"]
[EventDate "2016.08.26"]
[EventType "swiss"]
[EventRounds "6"]
[EventCountry "ARG"]
[SourceTitle "EXT 2024"]
[Source "ChessBase"]
[SourceDate "2023.10.10"]
[SourceVersion "1"]
[SourceVersionDate "2023.10.10"]
[SourceQuality "1"]

1. e4 c5 2. Nf3 d6 3. d4 cxd4 4. Nxd4 Nf6 5. Nc3 g6 6. Be3 Bg7 7. Be2 0-0 8. h3 Nc6 9. Qd2 Bd7 10. 0-0 a6 11. g4 b5 12. Bf3 Ne5 13. Bg2 Nc4 14. Qc1 e5 15. Nde2 b4 16. Nd1 Bc6 17. Ng3 Qc7 18. b3 Nxe3 19. Qxe3 Bb5 20. c4 bxc3 21. Nxc3 Bxf1 22. Bxf1 h6 23. Bc4 Qc5 24. Qf3 a5 25. Kg2 a4 26. h4 axb3 27. Bxb3 Rac8 28. Rc1 Rcd8 29. Rc2 Qa5 30. h5 Kh7 31. Bxf7 g5 32. Bg6+ Kh8 33. Nf5 Qb4 34. Qe3 Rd7 35. f3 Rfd8 36. Nxg7 Kxg7 37. Bf5 Rc7 38. Be6 Rb8 39. Kg3 Qb6 40. Qc1 Re7 41. Bb3 Rc7 42. Qd1 Rbc8 43. Nd5 Nxd5 44. Qxd5 Qg1+ 45. Rg2 Qe1+ 46. Rf2 Qg1+ 47. Rg2 Qh1 48. Rh2 Qe1+ 49. Rf2 Rf8 50. Qxd6 Qg1+ 1/2-1/2

[Event "Villa Gesell Playas U2200 op"]
[Site "Villa Gesell"]
[Date "2014.08.16"]
[Round "1.6"]
[White "Spena, Norberto"]
[Black "Farias, Guillermo"]
[Result "0-1"]
[WhiteElo "1605"]
[BlackElo "1981"]
[PlyCount "40"]
[EventDate "2014.08.16"]
[EventType "swiss"]
[EventRounds "7"]
[EventCountry "ARG"]
[SourceTitle "EXT 2024"]
[Source "ChessBase"]
[SourceDate "2023.10.10"]
[SourceVersion "1"]
[SourceVersionDate "2023.10.10"]
[SourceQuality "1"]

1. e4 Nc6 2. d4 e5 3. d5 Nce7 4. Bg5 h6 5. Bh4 g5 6. Bg3 Ng6 7. f3 Bc5 8. Nd2 d6 9. c3 a5 10. a4 Nf6 11. Bb5+ Kf8 12. Nb3 Bb6 13. Qc2 Kg7 14. Ne2 Bd7 15. Nd2 c6 16. Bc4 cxd5 17. exd5 Nh5 18. Bd3 Nhf4 19. Kf1 Nxd5 20. Bxg6 Ne3+ 0-1